| Tag |
First Indicator |
Second Indicator |
Subfields |
| LEADER |
00000cam a2200000Ka 4500 |
| 001 |
in00002492621 |
| 005 |
20211202190112.0 |
| 006 |
m d f |
| 008 |
081105s2008 dcu s f000 0 eng d |
| 035 |
|
|
|a (OCoLC)ocn268995468
|
| 040 |
|
|
|a GPO
|c GPO
|d MvI
|d UtOrBLW
|
| 049 |
|
|
|a WWW
|
| 074 |
|
|
|a 0535-A-03 (online)
|
| 086 |
0 |
|
|a FT 1.32:P 56/2/2008
|
| 245 |
0 |
0 |
|a Buying time :
|b the facts about pre-paid phone cards.
|
| 264 |
|
1 |
|a [Washington, D.C.] :
|b Federal Trade Commission, Bureau of Consumer Protection, Division of Consumer and Business Education,
|c [2008]
|
| 300 |
|
|
|a 2 unnumbered pages :
|b digital, PDF file.
|
| 336 |
|
|
|a text
|b txt
|2 rdacontent
|
| 337 |
|
|
|a computer
|b c
|2 rdamedia
|
| 338 |
|
|
|a unspecified
|b zu
|2 rdacarrier
|
| 490 |
1 |
|
|a FTC facts for consumers
|
| 538 |
|
|
|a Mode of access: Internet from the FTC web site. Address as of 11/5/08: http://www.ftc.gov/bcp/edu/pubs/consumer/products/pro04.pdf ; current access available via PURL.
|
| 500 |
|
|
|a Title from title screen (viewed on Nov. 5, 2008).
|
| 500 |
|
|
|a "March 2008."
|
| 500 |
|
|
|a Electronic resource.
|
| 650 |
|
0 |
|a Telephone cards
|z United States.
|
| 650 |
|
0 |
|a Deceptive advertising
|z United States.
|
| 710 |
1 |
|
|a United States.
|b Federal Trade Commission.
|b Division of Consumer and Business Education.
|
| 830 |
|
0 |
|a FTC facts for consumers.
|
| 856 |
4 |
0 |
|u https://purl.fdlp.gov/GPO/LPS105091
|t 0
|
| 999 |
|
|
|a MARS
|
| 999 |
f |
f |
|s 1c1770fe-24c1-31cd-97fa-47f999973bd9
|i 4d4e5bd2-6457-379e-a153-24619d49e598
|t 0
|
| 952 |
f |
f |
|a Texas A&M University
|b College Station
|c Electronic Resources
|d Available Online
|t 0
|e FT 1.32:P 56/2/2008
|h Superintendent of Documents classification
|
| 998 |
f |
f |
|a FT 1.32:P 56/2/2008
|t 0
|l Available Online
|